| 000 | 00710cam a2200253 a 4500 | ||
|---|---|---|---|
| 001 | 587 | ||
| 003 | BD-RjUL | ||
| 005 | 20211208233213.0 | ||
| 008 | 830202s1957 enk 001 0 eng | ||
| 035 | _a(BD-RjUL)605 | ||
| 040 |
_aDLC _cCarP _dBD-RjUL _beng |
||
| 041 | _aeng | ||
| 082 | 0 | 4 |
_219 _a025.42 _bRAP 1957 |
| 100 | 1 |
_aRanganathan, S. R. _qShiyali Ramamrita, _d1892-1972. _91121 |
|
| 245 | 1 | 0 |
_aProlegomena to library classification / _cS. R. Ranganathan. |
| 250 | _a2d ed. | ||
| 260 |
_aLondon : _bLibrary Association, _c1957. |
||
| 300 |
_a487 p. ; _c22 cm. |
||
| 504 | _aInclude index. | ||
| 650 | 0 |
_aClassification _xBooks. _91802 |
|
| 942 |
_2ddc _cBK |
||
| 999 |
_c587 _d587 |
||